000 00569nam a2200193Ia 4500
003 GCL
008 140319s9999 xx 000 0 ara d
040 _aGCL /
_cGCL
082 0 4 _a940.53
_bى ا
100 1 _aبوشيدا ، ك . ر . م
245 1 0 _aاجراس نجازاكى /
_cبوشيدا ، ك . ر . م
700 1 _aزكى محروس
300 _a304 ص
490 _aالالف كتاب
_v0
650 0 4 _aالحرب العالمية الثانية 1939 - 1945
650 0 4 _aنجازاكى
650 0 4 _aالقنبلة الذرية
942 _2ddc
_cBK
999 _c44787
_d44787